| 000 | 00000nam##2200000za#4500 |
| 001 | 9.606036 |
| 003 | CaOODSP |
| 005 | 20220901164727 |
| 007 | cr ||||||||||| |
| 008 | 150406|2002||||xxc|||||o f|0| 0 fre|d |
| 040 | |aCaOODSP|bfre |
| 043 | |an-cn--- |
| 086 | 1 |aJ3-10/2002-20F-PDF |
| 110 | 1 |aCanada.|bJustice Canada. |
| 245 | 14|aUne approche intégrée à la prestation de services en matière d'aide juridique : |h[ressource électronique]|bréalisation d’une promesse ou perpétuation d’un mythe? / |c[par] Dianne L. Martin. |
| 260 | |aOttawa - Ontario : |bJustice Canada |cMars 2002. |
| 300 | |a38p.|bréférences |
| 490 | 1 |aSérie de recherches sur l'aide juridique |
| 590 | |a13-20-Supp|b2013-08-30 |
| 775 | 08|tA seamless approach to service delivery in legal aid : |w(CaOODSP)9.577289 |
| 830 | #0|aSérie de recherches sur l'aide juridique.|w(CaOODSP)9.502071 |
| 856 | 40|ahttp://publications.gc.ca|qPDF|s530 Ko|uhttps://publications.gc.ca/collections/collection_2013/jus/J3-10-2002-20-fra.pdf |